| 000 | 00457nam a2200181Ia 4500 | ||
|---|---|---|---|
| 999 |
_c4422 _d4422 |
||
| 020 | _a0-7456-2548-7 | ||
| 082 | _a302 HAL-S | ||
| 100 | _aHalpern, David | ||
| 245 | 0 | _aSocial capital | |
| 260 |
_aCambridge _bPolity Press _c2005 |
||
| 300 | _axi, 388 | ||
| 504 | _aincludes bibliography and index | ||
| 650 | _aEconomic development | ||
| 650 | _aInfrastructure (Economics) | ||
| 650 | _aSocial capital | ||
| 650 | _aSocial infrastructure | ||
| 942 | _cBK | ||